000 00545nam a2200193Ia 4500
008 151119s9999||||xx |||||||||||||| ||und||
082 _a891.464
082 _bGKKV19513
100 _aकाणेकर शिरीष
245 _aसूरपारंब्या
260 _a--
260 _b--
260 _c2001
600 _aकाणेकर शिरीष
630 _aसूरपारंब्या
700 _aकाणेकर शिरीष
730 _aसूरपारंब्या
942 _cBOOK
999 _c1072467
_d1072464